| 000 | 00638nam a2200217 a 4500 | ||
|---|---|---|---|
| 005 | 20210219153344.0 | ||
| 008 | 991125n 000 0 eng u | ||
| 035 | _aUPN01000093379 | ||
| 100 | _aKAMINSKY, James S. | ||
| 222 | _aHARVARD EDUCATIONAL REVIEW | ||
| 245 | _aA pre-history of educational philosopy in the United States: 1861 to 1914 | ||
| 260 | _aMASSACHUSETTS, EUA | ||
| 300 | _a179-198 | ||
| 362 | _a1992 Vol.62, no. 2 (summer) | ||
| 653 | 0 | _aDESARROLLO SOCIAL | |
| 653 | 0 | _aESTADOS UNIDOS DE AMERICA | |
| 653 | 0 | _aFILOSOFIA EDUCATIVA | |
| 653 | 0 | _aHISTORIA EDUCATIVA | |
| 904 |
_aAC _b031190 |
||
| 905 | _aArticulo | ||
| 999 |
_c74688 _d74688 |
||